[Event "PRO League Group Stage"]
[Site "chess.com INT"]
[Date "2019.03.07"]
[Round "9"]
[White "Velten, Paul"]
[Black "Vrolijk, Liam"]
[Result "0-1"]
[WhiteTitle "GM"]
[BlackTitle "IM"]
[WhiteElo "2496"]
[BlackElo "2433"]
[WhiteTeam "Cannes Blitzstreams"]
[BlackTeam "Amsterdam Mosquitoes"]
[WhiteFideId "681091"]
[BlackFideId "1048333"]
[EventDate "2019.01.08"]

1. d4 Nf6 2. Nf3 d5 3. c4 e6 4. Nc3 dxc4 5. e3 a6 6. Bxc4 b5 7. Be2 Bb7 8. O-O
Nbd7 9. Qc2 c5 10. Rd1 Qc7 11. Bd2 cxd4 12. Nxd4 Bd6 13. h3 O-O 14. Rac1 Rac8
15. Qb1 Qb6 16. Be1 Ne5 17. f4 Nc4 18. Bf2 Rfd8 19. b3 Na3 20. Qb2 Ne4 21. Nxe4
Bxe4 22. Bf3 Bxf3 23. Nxf3 b4 24. e4 Qb8 25. e5 Bf8 26. Rxd8 Rxd8 27. Nd4 Qb7
28. Qe2 Nb5 29. Nxb5 axb5 30. Rd1 Rd5 31. Rxd5 Qxd5 32. Qc2 h5 33. Be3 Be7 34.
Kf2 Bh4+ 35. g3 Be7 36. Qe2 Qh1 37. Qf1 Qc6 38. Qg2 Qc2+ 39. Kg1 Qd1+ 40. Qf1
Qd5 41. Qf2 Qe4 42. Kh2 Kf8 43. h4 g6 44. Bb6 Qc6 45. Kg1 Ke8 46. Be3 Qe4 47.
Qd2 Qf3 48. Qf2 Qd1+ 49. Kg2 Kd7 50. Qd2+ Qxd2+ 51. Bxd2 Kc6 52. Kf3 Kd5 53. Be3
f6 54. exf6 Bxf6 55. Bb6 Bd4 56. Ba5 Bc5 57. Ke2 Kd4 58. Kd2 Bd6 59. Bd8 Ke4 60.
Ke2 e5 61. fxe5 Bxe5 62. Kf2 Kd3 63. Be7 Kc3 64. Kf3 Kb2 65. Bxb4 Kxa2 66. g4
Kxb3 67. Bc5 Kc4 68. Ba3 Bf6 69. gxh5 gxh5 70. Kg3 Kd5 71. Bb4 Be5+ 72. Kf3 Bd6
73. Bd2 Kd4 74. Ba5 Be7 75. Kg3 Kc4 76. Bd2 Bb4 77. Bg5 Be1+ 78. Kf3 b4 79. Ke2
Bc3 80. Bc1 Kb3 81. Kd3 Ka2 82. Bg5 b3 83. Bc1 Bf6 84. Ke4 Bxh4 85. Kf5 Kb1 86.
Ba3 Kc2 87. Ke6 Be7 88. Kxe7 h4 0-1

[Event "PRO League Group Stage"]
[Site "chess.com INT"]
[Date "2019.03.07"]
[Round "9"]
[White "Cornette, Deimante"]
[Black "Ducarmon, Quinten"]
[Result "0-1"]
[WhiteTitle "IM"]
[BlackTitle "IM"]
[WhiteElo "2448"]
[BlackElo "2479"]
[WhiteTeam "Cannes Blitzstreams"]
[BlackTeam "Amsterdam Mosquitoes"]
[WhiteFideId "12802859"]
[BlackFideId "1025007"]
[EventDate "2019.01.08"]

1. e4 c6 2. d4 d5 3. Nd2 dxe4 4. Nxe4 Bf5 5. Ng3 Bg6 6. Nh3 Nd7 7. Bc4 Ngf6 8.
O-O Nb6 9. Bb3 a5 10. a4 e6 11. f4 Qd7 12. Ng5 Be7 13. Re1 c5 14. c3 cxd4 15.
cxd4 Nbd5 16. Nf3 O-O 17. Ne5 Qc7 18. Bd2 Rac8 19. Qf3 Qb6 20. Rad1 Bc2 21. Bxc2
Rxc2 22. Bc3 g6 23. Ne4 Rc8 24. Qd3 Rxg2+ 25. Kh1 Nxc3 26. Nxf6+ Bxf6 27. Nd7
Nxd1 28. Nxf6+ Kg7 29. Kxg2 Nxb2 30. Qe2 Kxf6 31. Qe5+ Ke7 32. d5 Nd3 33. Qg5+
f6 0-1

[Event "PRO League Group Stage"]
[Site "chess.com INT"]
[Date "2019.03.07"]
[Round "9"]
[White "Donchenko, Alexander"]
[Black "Forcen Esteban, Daniel"]
[Result "1-0"]
[WhiteTitle "GM"]
[BlackTitle "GM"]
[WhiteElo "2604"]
[BlackElo "2567"]
[WhiteTeam "Baden-Baden Snowballs"]
[BlackTeam "Barcelona Raptors"]
[WhiteFideId "24603295"]
[BlackFideId "2288230"]
[EventDate "2019.01.08"]

1. Nf3 g6 2. d4 Bg7 3. g3 c5 4. dxc5 Na6 5. Bg2 Nxc5 6. O-O d5 7. c4 dxc4 8.
Qxd8+ Kxd8 9. Na3 c3 10. Rd1+ Bd7 11. bxc3 Bxc3 12. Rb1 Rc8 13. Nb5 Bg7 14. Nxa7
Ra8 15. Be3 Rxa7 16. Bxc5 1-0

[Event "PRO League Group Stage"]
[Site "chess.com INT"]
[Date "2019.03.07"]
[Round "9"]
[White "Meier, Georg"]
[Black "Diaz Camallonga, Carles"]
[Result "1-0"]
[WhiteTitle "GM"]
[BlackTitle "IM"]
[WhiteElo "2623"]
[BlackElo "2432"]
[WhiteTeam "Baden-Baden Snowballs"]
[BlackTeam "Barcelona Raptors"]
[WhiteFideId "4675789"]
[BlackFideId "22235256"]
[EventDate "2019.01.08"]

1. Nf3 Nf6 2. g3 b6 3. Bg2 Bb7 4. O-O c5 5. c4 e6 6. Nc3 d6 7. d4 cxd4 8. Qxd4
a6 9. Bg5 Nbd7 10. Qd2 Be7 11. Bf4 Qc7 12. Rfd1 e5 13. Be3 O-O 14. Rac1 Nc5 15.
Qc2 Rac8 16. Bh3 Ne6 17. b3 b5 18. Ng5 Nxg5 19. Bxg5 bxc4 20. Bxf6 Bxf6 21. Bxc8
Rxc8 22. Nd5 Bxd5 23. Rxd5 c3 24. Rcd1 Be7 25. R5d3 e4 26. Rd5 e3 27. f4 g6 28.
R1d3 Qc6 29. R5d4 d5 30. Rxd5 Bf8 31. h4 h5 32. Kh2 Kh7 33. Rxh5+ gxh5 34. Rxc3+ 1-0

[Event "PRO League Group Stage"]
[Site "chess.com INT"]
[Date "2019.03.07"]
[Round "9"]
[White "Alvarado Diaz, Alejandro"]
[Black "Klek, Hanna Marie"]
[Result "1/2-1/2"]
[WhiteTitle "IM"]
[BlackTitle "WGM"]
[WhiteElo "2388"]
[BlackElo "2311"]
[WhiteTeam "Barcelona Raptors"]
[BlackTeam "Baden-Baden Snowballs"]
[WhiteFideId "2276119"]
[BlackFideId "24670057"]
[EventDate "2019.01.08"]

1. g3 e5 2. Bg2 d5 3. c3 Nf6 4. d4 Nc6 5. dxe5 Nxe5 6. Nf3 Nxf3+ 7. exf3 Bc5 8.
O-O O-O 9. a4 h6 10. Na3 a5 11. Nc2 Bf5 12. Nd4 Bg6 13. Be3 Qd7 14. Qd2 Rfe8 15.
Rfe1 c6 16. b4 axb4 17. cxb4 Bf8 18. Nb3 Qc8 19. Rec1 Nd7 20. f4 Be4 21. f3 Bg6
22. Bd4 Qd8 23. a5 Bd6 24. Bh3 Nf8 25. Nc5 Qe7 26. f5 Bh7 27. f6 gxf6 28. Re1
Be5 29. f4 Bxd4+ 30. Qxd4 Be4 31. Bf5 Ne6 32. Bxe6 fxe6 33. Nxe4 dxe4 34. Rxe4
Rad8 35. Qc4 Rd5 36. Rae1 Qd7 37. f5 Rxf5 38. Rxe6 Rxe6 39. Rxe6 Qd1+ 40. Re1+
Qd5 41. Qxd5+ Rxd5 42. a6 bxa6 43. Re6 Kf7 44. Rxc6 Rb5 45. Rxa6 Rxb4 46. Kg2 1/2-1/2

[Event "PRO League Group Stage"]
[Site "chess.com INT"]
[Date "2019.03.07"]
[Round "9"]
[White "Herrera Reyes, Jose Antonio"]
[Black "Kollars, Dmitrij"]
[Result "0-1"]
[WhiteTitle "FM"]
[BlackTitle "GM"]
[WhiteElo "2324"]
[BlackElo "2562"]
[WhiteTeam "Barcelona Raptors"]
[BlackTeam "Baden-Baden Snowballs"]
[WhiteFideId "2274914"]
[BlackFideId "12909572"]
[EventDate "2019.01.08"]

1. Nf3 d5 2. g3 Bg4 3. Bg2 Nd7 4. O-O Ngf6 5. d3 e5 6. c4 c6 7. cxd5 cxd5 8. Qa4
Bd6 9. Nc3 Be6 10. Ng5 O-O 11. Qh4 h6 12. Nxe6 fxe6 13. Nb5 Be7 14. Be3 a6 15.
Na3 Bc5 16. Bxc5 Nxc5 17. Rac1 Rc8 18. Qb4 b6 19. Qd2 Qd6 20. Rc2 Rc7 21. Rfc1
Rfc8 22. Bh3 Kf7 23. Qb4 Ne8 24. Qh4 Nd7 25. Qh5+ Kf8 26. Qg4 Rxc2 27. Rxc2 Rxc2
28. Nxc2 Nc7 29. Ne3 Nf6 30. Qg6 Qe7 31. Ng4 Nxg4 32. Qxg4 a5 33. Qf3+ Kg8 34.
Qe3 Qd6 35. Bg4 Ne8 36. Qc1 Nf6 37. Qc8+ Kf7 38. Bh3 g5 39. Qh8 Kg6 40. Bg2 Qc6
41. h4 gxh4 42. gxh4 Qc1+ 43. Bf1 Qf4 44. h5+ Kxh5 45. e3 Qg4+ 46. Bg2 Kg6 47.
Qc8 h5 48. Qc7 h4 49. Kh2 Qf5 50. f3 d4 51. exd4 Qf4+ 52. Kh1 Qxd4 53. Qc1 Qxd3
54. Qg1 Qd4 55. Qb1+ Kf7 56. Qc1 Nd5 57. Qh6 Nf6 58. Qc1 b5 59. b3 b4 60. Qc7+
Kg6 61. Qxa5 Nd5 62. Qd8 Qf4 63. Qg8+ Kf6 64. Qf8+ Kg6 65. Qg8+ Kh5 66. Qxe6
Qc1+ 67. Kh2 Qf4+ 68. Kh1 Nf6 69. Qc4 Qxc4 70. bxc4 Nd7 71. Bh3 Nc5 72. Kg2 Kg5
73. Kf2 Kf4 74. Ke2 Kg3 75. Bc8 h3 76. Bxh3 Kxh3 77. Kf2 Kh4 78. Kg2 Kg5 79. Kg3
Kf5 80. Kf2 Kf4 81. Ke2 Ne6 82. Kf2 Kg5 83. Ke3 Kf5 84. Kd3 Kf4 85. Ke2 Nd4+ 86.
Kf2 Nxf3 87. c5 Nd4 88. Ke1 e4 89. Kd2 e3+ 90. Kd3 e2 91. Kd2 Kf3 92. Ke1 Ke3 0-1

[Event "PRO League Group Stage"]
[Site "chess.com INT"]
[Date "2019.03.07"]
[Round "9"]
[White "Tregubov, Pavel V."]
[Black "Tomczak, Jacek"]
[Result "1-0"]
[WhiteTitle "GM"]
[BlackTitle "GM"]
[WhiteElo "2592"]
[BlackElo "2631"]
[WhiteTeam "Marseille Migraines"]
[BlackTeam "Berlin Bears"]
[WhiteFideId "4115341"]
[BlackFideId "1124668"]
[EventDate "2019.01.08"]

1. d4 Nf6 2. c4 g6 3. Nc3 d5 4. Nf3 Bg7 5. e3 O-O 6. cxd5 Nxd5 7. Bc4 Nb6 8. Bb3
c5 9. O-O Na6 10. h3 Bd7 11. Qe2 Rc8 12. Rd1 Qc7 13. d5 c4 14. Bc2 e5 15. e4 Nc5
16. Be3 Qd6 17. a4 Nb3 18. Ra3 a5 19. Bxb3 cxb3 20. Rxb3 Nxa4 21. Rxb7 Nxc3 22.
bxc3 Rxc3 23. Rb6 Qa3 24. d6 Qa4 25. Rb7 Bc6 26. Rc7 Rc2 27. Qe1 Bxe4 28. Ng5
Rxc7 29. dxc7 Bb7 30. f3 Bf6 31. Rb1 Bxg5 32. Bxg5 Qd4+ 33. Kh1 Qd5 34. Bf6 e4
35. fxe4 Qxe4 36. Qxe4 Bxe4 37. Rb8 Bf5 38. Rd8 1-0

[Event "PRO League Group Stage"]
[Site "chess.com INT"]
[Date "2019.03.07"]
[Round "9"]
[White "Vachier-Lagrave, Maxime"]
[Black "Braun, Arik"]
[Result "1/2-1/2"]
[WhiteTitle "GM"]
[BlackTitle "GM"]
[WhiteElo "2780"]
[BlackElo "2598"]
[WhiteTeam "Marseille Migraines"]
[BlackTeam "Berlin Bears"]
[WhiteFideId "623539"]
[BlackFideId "4663527"]
[EventDate "2019.01.08"]

1. e4 c6 2. d4 d5 3. e5 Bf5 4. Nf3 e6 5. Be2 Ne7 6. O-O Ng6 7. a4 Nd7 8. a5 a6
9. Re1 f6 10. exf6 Qxf6 11. Bg5 Qf7 12. Nh4 Nxh4 13. Bxh4 Bd6 14. c4 O-O 15. Nc3
Rae8 16. cxd5 exd5 17. Qd2 Bg6 18. Bf3 Bf4 19. Qd1 Rxe1+ 20. Qxe1 Re8 21. Qf1
Bh5 22. Bxh5 Qxh5 23. Bg3 Bxg3 24. hxg3 Nf6 25. Re1 Ng4 26. Rxe8+ Qxe8 27. Qe2
Qxe2 28. Nxe2 Nf6 29. f3 h5 30. Kf2 Kf7 31. Ke3 Ne8 32. Kd3 Nd6 33. Kc3 Nc4 34.
Nf4 g6 35. Nd3 g5 36. Nc5 Nd6 37. Kd3 Kf6 38. g4 hxg4 39. fxg4 Kf7 1/2-1/2

[Event "PRO League Group Stage"]
[Site "chess.com INT"]
[Date "2019.03.07"]
[Round "9"]
[White "Lampert, Jonas"]
[Black "Maurizzi, Marc Andria"]
[Result "1/2-1/2"]
[WhiteTitle "IM"]
[BlackTitle "CM"]
[WhiteElo "2544"]
[BlackElo "2028"]
[WhiteTeam "Berlin Bears"]
[BlackTeam "Marseille Migraines"]
[WhiteFideId "1303759"]
[BlackFideId "36083534"]
[EventDate "2019.01.08"]

1. d4 Nf6 2. c4 e6 3. g3 c5 4. Nf3 cxd4 5. Nxd4 d5 6. Bg2 e5 7. Nb3 d4 8. O-O
Nc6 9. f4 e4 10. f5 Bd6 11. Bg5 Be5 12. N1d2 Qb6 13. Bxf6 gxf6 14. Nxe4 h5 15.
Nbc5 h4 16. Nd3 hxg3 17. hxg3 Ke7 18. Qd2 Rh5 19. Nxe5 Nxe5 20. Rad1 Bxf5 21. c5
Qc7 22. Qxd4 Bxe4 23. Bxe4 Rg8 24. Qd6+ Qxd6 25. cxd6+ Ke6 26. Bd5+ Kd7 27. Rxf6
Rxg3+ 28. Kf2 Rg8 29. Bf3 Rh2+ 30. Ke3 Re8 31. Kd4 Nxf3+ 32. exf3 Re6 33. Rxf7+
Kxd6 34. Kc3+ Kc6 35. Rdd7 Re3+ 36. Kd4 Rxf3 37. Rc7+ Kd6 38. Rfd7+ Ke6 39. Re7+
Kd6 40. Red7+ Ke6 41. Re7+ Kd6 42. Rxb7 Rf4+ 43. Re4 Rxe4+ 44. Kxe4 Kc6 45. Rb3
Rd2 46. Ke3 Rd1 47. Rd3 Rh1 48. Kd4 Rh4+ 49. Kc3 Kb6 50. Kb3 Rg4 51. Re3 Rf4 52.
Rc3 Rh4 53. Rc4 Rh3+ 54. Ka4 a6 55. Rb4+ Ka7 56. Rd4 Rh5 57. Rd7+ Kb6 58. Rd6+
Kb7 59. b4 Rg5 60. Kb3 Rg4 61. a3 Rg3+ 62. Ka4 Rg5 63. Rd3 Rh5 64. Rc3 Rg5 65.
Re3 Kb6 66. Re6+ Kb7 67. Re2 Kb6 68. Rc2 Kb7 69. Kb3 Kb6 70. a4 Rh5 71. Rd2 Rh3+
72. Kc4 Rh5 73. Rd6+ Kb7 74. Rd5 Rh6 75. Rd7+ Kb8 76. Kc5 Rh5+ 77. Kb6 Rh6+ 78.
Ka5 Rg6 79. Re7 Rf6 80. Rh7 Rg6 81. Rd7 Rf6 82. Rd5 Kb7 83. Rd7+ Kb8 84. Re7 Rg6
85. Rf7 Re6 86. Rg7 Rf6 87. Rh7 Rg6 88. Re7 Rf6 89. Rd7 Re6 90. Rg7 Rf6 91. Rh7 1/2-1/2

[Event "PRO League Group Stage"]
[Site "chess.com INT"]
[Date "2019.03.07"]
[Round "9"]
[White "Hoolt, Sarah"]
[Black "Moussard, Jules"]
[Result "0-1"]
[WhiteTitle "WGM"]
[BlackTitle "GM"]
[WhiteElo "2358"]
[BlackElo "2605"]
[WhiteTeam "Berlin Bears"]
[BlackTeam "Marseille Migraines"]
[WhiteFideId "24606812"]
[BlackFideId "642908"]
[EventDate "2019.01.08"]

1. e4 c6 2. d4 d5 3. Nc3 dxe4 4. Nxe4 Nf6 5. Nxf6+ exf6 6. c3 Bd6 7. Bd3 O-O 8.
Qc2 Re8+ 9. Ne2 h5 10. Be3 Nd7 11. O-O-O Nf8 12. Rdg1 Be6 13. g4 Bd5 14. gxh5
Bxh1 15. Rxh1 Qa5 16. Kb1 Qxh5 17. Rg1 Re7 18. Ng3 Bxg3 19. hxg3 Rae8 20. g4 Qd5
21. c4 Qd6 22. Rh1 g6 23. Rh3 Ne6 24. Qc1 Ng5 25. Rh6 Rxe3 26. fxe3 Qg3 27. Qh1
Kf8 28. Rh8+ Ke7 29. Rxe8+ Kxe8 30. Qh8+ Ke7 31. Qc8 Qxe3 32. Qxb7+ Kf8 33. Qb3
Nf3 34. Qd1 Nxd4 35. c5 Ne6 36. a3 Nxc5 37. Bc2 Qe5 38. Qh1 Ne6 39. Qxc6 Nd4 40.
Qc8+ Kg7 41. a4 a5 42. Qc3 f5 43. gxf5 gxf5 44. b4 axb4 45. Qxb4 f4 46. Qd2 f3
47. Qf2 Qc5 48. Qg3+ Kf8 49. Qb8+ Ke7 50. Qb7+ Kf6 51. Qa6+ Kg5 52. Qd3 Qxc2+ 0-1

[Event "PRO League Group Stage"]
[Site "chess.com INT"]
[Date "2019.03.07"]
[Round "9"]
[White "Hammer, Jon Ludvig"]
[Black "Sebenik, Matej"]
[Result "1-0"]
[WhiteTitle "GM"]
[BlackTitle "GM"]
[WhiteElo "2652"]
[BlackElo "2540"]
[WhiteTeam "Norway Gnomes"]
[BlackTeam "Ljubljana Turtles"]
[WhiteFideId "1503707"]
[BlackFideId "14602296"]
[EventDate "2019.01.08"]

1. c4 c5 2. g3 g6 3. Bg2 Bg7 4. Nc3 Nc6 5. Nf3 d6 6. O-O Nf6 7. d4 O-O 8. dxc5
dxc5 9. Bf4 Be6 10. Ne5 Na5 11. Nd3 Bxc4 12. Nxc5 Qb6 13. N5a4 Qe6 14. b3 Rfd8
15. Qe1 Ba6 16. Bc7 b6 17. Bxd8 Rxd8 18. Rd1 Rc8 19. Qd2 h5 20. Rfe1 h4 21. Nd5
hxg3 22. hxg3 Nxd5 23. Bxd5 Qe5 24. Rc1 Rf8 25. Nc3 e6 26. Bf3 g5 27. Qd7 g4 28.
Qxa7 gxf3 29. Qxa6 Nc6 30. exf3 Qf5 31. Kg2 Nd4 32. Qb7 Nc2 33. Re4 1-0

[Event "PRO League Group Stage"]
[Site "chess.com INT"]
[Date "2019.03.07"]
[Round "9"]
[White "Christiansen, Johan-Sebastian"]
[Black "Markoja, Boris"]
[Result "1-0"]
[WhiteTitle "GM"]
[BlackTitle "IM"]
[WhiteElo "2559"]
[BlackElo "2442"]
[WhiteTeam "Norway Gnomes"]
[BlackTeam "Ljubljana Turtles"]
[WhiteFideId "1512668"]
[BlackFideId "14608502"]
[EventDate "2019.01.08"]

1. e4 c5 2. Nf3 g6 3. d4 cxd4 4. Qxd4 Nf6 5. Nc3 Nc6 6. Qa4 d6 7. e5 dxe5 8.
Nxe5 Bd7 9. Nxd7 Nxd7 10. Bb5 Bg7 11. O-O O-O 12. Bg5 h6 13. Bh4 Nb6 14. Qe4 Qd4
15. Bxc6 bxc6 16. Bxe7 Rfe8 17. Qxd4 Bxd4 18. Bh4 f5 19. Bg3 Nc4 20. Rad1 Rad8
21. Na4 Nxb2 22. Rxd4 Rxd4 23. Nxb2 Rd2 24. Nd3 Rxc2 25. h4 g5 26. hxg5 hxg5 27.
Bc7 Rxa2 28. Rc1 Re6 29. Rc5 Rd2 30. Nb4 Re1+ 31. Kh2 Rxf2 32. Nd3 Ree2 33. Nxf2
Rxf2 34. Kg1 Rd2 35. Rxf5 g4 36. Rg5+ Kf7 37. Rxg4 Ke6 38. Ra4 c5 39. Rxa7 c4
40. Bf4 Rc2 41. Rc7 Kf5 42. Rf7+ Ke4 43. Kh2 c3 44. Kg3 Ra2 45. Re7+ Kd3 46.
Rd7+ Ke4 47. Re7+ Kd3 48. Rc7 Ra8 49. Kf3 Ra1 50. Rd7+ Kc4 51. g4 c2 52. Ke4
Re1+ 53. Kf5 Rf1 54. Rc7+ Kd3 55. Ke5 Ra1 56. g5 Ra5+ 57. Kf6 Ke4 58. Bc1 Ra6+
59. Kf7 Kf5 60. Rc5+ Kg4 61. Rxc2 Ra7+ 62. Kg6 Ra6+ 63. Kh7 Ra7+ 64. Kh6 Kf5 65.
Rf2+ 1-0

[Event "PRO League Group Stage"]
[Site "chess.com INT"]
[Date "2019.03.07"]
[Round "9"]
[White "Skuhala, Jernej"]
[Black "Holm, Kristian Stuvik"]
[Result "1/2-1/2"]
[WhiteTitle "FM"]
[BlackTitle "IM"]
[WhiteElo "2277"]
[BlackElo "2468"]
[WhiteTeam "Ljubljana Turtles"]
[BlackTeam "Norway Gnomes"]
[WhiteFideId "14605651"]
[BlackFideId "1508083"]
[EventDate "2019.01.08"]

1. e4 e5 2. Nf3 Nc6 3. Bb5 Nf6 4. O-O Nxe4 5. d4 Nd6 6. Bxc6 dxc6 7. dxe5 Nf5 8.
Qxd8+ Kxd8 9. Bg5+ Ke8 10. Nc3 Be6 11. Rad1 h6 12. Bd2 Rd8 13. a3 Be7 14. h3 Nh4
15. Nxh4 Bxh4 16. Be3 b6 17. f4 Bf5 18. Rxd8+ Kxd8 19. Rd1+ Kc8 20. Rc1 h5 21.
Ne2 c5 22. c3 Rd8 23. g3 Be7 24. h4 Kb7 25. Kf2 Rd3 26. Ng1 f6 27. exf6 gxf6 28.
Re1 Bg4 29. Nf3 a5 30. Re2 Kc6 31. Rd2 Rxd2+ 32. Nxd2 b5 33. Nb3 a4 34. Nd2 b4
35. cxb4 cxb4 36. axb4 Bxb4 37. Ne4 f5 38. Bd2 fxe4 39. Bxb4 Kb5 40. Bf8 Kc4 41.
Ke3 Bf5 42. Kd2 Kb3 43. Bg7 c5 44. Bf6 Bg6 45. Bg7 c4 46. Bf6 Be8 47. Ke3 Bg6 1/2-1/2

[Event "PRO League Group Stage"]
[Site "chess.com INT"]
[Date "2019.03.07"]
[Round "9"]
[White "Unuk, Laura"]
[Black "Mikalsen, Erlend"]
[Result "0-1"]
[WhiteTitle "WIM"]
[BlackTitle "FM"]
[WhiteElo "2234"]
[BlackElo "2357"]
[WhiteTeam "Ljubljana Turtles"]
[BlackTeam "Norway Gnomes"]
[WhiteFideId "14609215"]
[BlackFideId "1507338"]
[EventDate "2019.01.08"]

1. Nf3 d5 2. d4 Nf6 3. c4 dxc4 4. e3 e6 5. Bxc4 c5 6. O-O Nc6 7. Qe2 cxd4 8. Rd1
Be7 9. exd4 O-O 10. Nc3 Nb4 11. a4 Bd7 12. h4 Bc6 13. Ne5 Nfd5 14. h5 Bg5 15.
Bxg5 Qxg5 16. Ne4 Qh6 17. Ng4 Qf4 18. g3 Qf5 19. Nd6 Qxh5 20. f3 Rad8 21. Nb5
Qh3 22. Kf2 Qh5 23. Rh1 Qf5 24. Nxa7 Nf6 25. Nxf6+ Qxf6 26. Nxc6 Nxc6 27. Qe4
Qxd4+ 28. Qxd4 Rxd4 29. b3 Rfd8 30. a5 Rd2+ 31. Ke3 Nb4 32. Rac1 Nc2+ 33. Kf4
R2d4+ 34. Ke5 R8d6 35. Bxe6 Rxe6+ 36. Kf5 Ne3+ 37. Kg5 Re5# 0-1

[Event "PRO League Group Stage"]
[Site "chess.com INT"]
[Date "2019.03.07"]
[Round "9"]
[White "Lagarde, Maxime"]
[Black "Spoelman, Wouter"]
[Result "1-0"]
[WhiteTitle "GM"]
[BlackTitle "GM"]
[WhiteElo "2604"]
[BlackElo "2578"]
[WhiteTeam "Cannes Blitzstreams"]
[BlackTeam "Amsterdam Mosquitoes"]
[WhiteFideId "662399"]
[BlackFideId "1010891"]
[EventDate "2019.01.08"]

1. b3 d5 2. Bb2 Nf6 3. e3 g6 4. c4 c6 5. cxd5 cxd5 6. Bxf6 exf6 7. d4 Nc6 8. Nf3
h5 9. Be2 h4 10. O-O f5 11. Nc3 Be6 12. Ne5 Nxe5 13. dxe5 a6 14. Bf3 Bg7 15. Qd4
Qb8 16. Nxd5 Bxe5 17. Qa4+ b5 18. Qb4 Bxh2+ 19. Kh1 Bd6 20. Qc3 Be5 21. Nc7+
Qxc7 22. Qxc7 Bxc7 23. Bxa8 Ke7 24. Bb7 h3 25. g3 Rb8 26. Bf3 g5 27. Rac1 Bd6
28. Rfd1 g4 29. Be2 Rb6 30. Kh2 Kf6 31. f3 Ba3 32. Rc7 Bd6 33. Rc2 Ke7 34. Rdc1
Rb8 35. fxg4 fxg4 36. Rc6 a5 37. Rd1 Be5 38. Rc5 Bg7 39. Bxb5 Bh6 40. Bc4 Bxe3
41. Rc7+ Kf6 42. Bxe6 fxe6 43. Rc4 Kf5 44. Rf1+ Kg5 45. Re1 Bf2 46. Ree4 Rd8 47.
Rxg4+ Kh5 48. Rh4+ Kg6 49. Rcg4+ Kf7 50. Rf4+ Ke7 51. Rxf2 1-0

[Event "PRO League Group Stage"]
[Site "chess.com INT"]
[Date "2019.03.07"]
[Round "9"]
[White "Mekhitarian, Krikor Sevag"]
[Black "Admiraal, Miguoel"]
[Result "1/2-1/2"]
[WhiteTitle "GM"]
[BlackTitle "IM"]
[WhiteElo "2536"]
[BlackElo "2478"]
[WhiteTeam "Cannes Blitzstreams"]
[BlackTeam "Amsterdam Mosquitoes"]
[WhiteFideId "2107660"]
[BlackFideId "1019716"]
[EventDate "2019.01.08"]

1. Nf3 d5 2. g3 Bg4 3. Bg2 c6 4. O-O Nd7 5. c4 Bxf3 6. Bxf3 Ne5 7. Bg2 Nxc4 8.
d3 Nb6 9. a4 a5 10. Qb3 Nf6 11. Be3 Nfd7 12. Qc2 e5 13. Bd2 Bc5 14. e3 O-O 15.
Nc3 Bb4 16. Rfc1 Qe7 17. Qd1 Nc8 18. e4 dxe4 19. Nxe4 Bxd2 20. Qxd2 Nd6 21. Qc3
Nxe4 22. dxe4 Rfd8 23. Rab1 Nf8 24. b4 axb4 25. Qxb4 Qxb4 26. Rxb4 Ra7 27. Rcb1
Ne6 28. Rxb7 Rxa4 29. Rb8 Ra8 30. Rxd8+ Rxd8 31. Bf1 Nd4 32. Rb7 Nf3+ 33. Kg2
Nd2 34. Rc7 Nxe4 35. Rxc6 g6 36. Rc4 Nd6 37. Rc5 Re8 38. Rc6 Re6 39. Be2 h5 40.
Bd1 Kg7 41. Bc2 Rf6 42. h4 Nf5 43. Rc5 Nd4 44. Be4 Re6 45. Rc7 Kf6 46. Ra7 Rd6
47. Ra2 Nb5 48. Rb2 Nc3 49. Bb7 Na4 50. Rc2 Nb6 51. Be4 Nd7 52. Bf3 Nf8 53. Ra2
Ne6 54. Be2 Nd4 55. Bc4 Rd7 56. Ra6+ Kg7 57. Ra5 Rc7 58. Bd3 Re7 59. Bc4 Nf5 60.
Ra2 e4 61. Re2 Nd4 62. Re3 Nf5 63. Re2 e3 64. Bd3 exf2 65. Rxe7 Nxe7 66. Kxf2
Kf6 67. Bc4 Nf5 68. Kf3 Nd6 69. Bd3 Ke5 70. Bc2 Nf5 71. Bd3 Nd4+ 72. Ke3 Ne6 73.
Bc4 Nd8 74. Kf3 Kf5 75. Bd3+ Ke5 76. Bc4 Ne6 77. Ke3 Kf5 78. Kf3 Nd4+ 79. Ke3
Ne6 80. Kf3 Kf6 81. Ke4 Ng7 82. Kf4 Nf5 83. Bd3 Ne7 84. Bc4 Nc6 85. Bd5 Ne5 86.
Be4 Nd7 87. Bd5 Nc5 88. Bc4 Ne6+ 89. Ke4 Nf8 90. Kf4 Nd7 91. Bd5 Ne5 92. Be4 Ke6
93. Bc2 f6 94. Bb3+ Ke7 95. Bc2 Kf7 96. Bb3+ Kg7 97. Bc2 Nf7 98. Bb3 Nd6 99. Bc2
Nc4 100. Bd3 Nb6 101. Be4 Nd7 102. Bc2 Nc5 103. Ke3 Kf7 104. Kf4 Ne6+ 105. Ke4
Ng7 106. Kf4 Ne8 107. Bb3+ Ke7 108. Bc2 Kf7 109. Bb3+ Kg7 110. Bc2 Nc7 111. Be4
Ne6+ 112. Ke3 f5 113. Bc2 Kf6 114. Bb3 Ke5 115. Bc4 f4+ 116. gxf4+ Nxf4 117. Kf3
Kf5 118. Bb3 Ne6 119. Bc2+ Kf6 120. Bb1 Ng7 121. Kg3 Nf5+ 122. Kh3 Ke5 123. Ba2
Kf4 124. Bf7 Ne7 125. Be8 Kf3 126. Bf7 Kf4 127. Be8 Ke4 128. Kg3 Kf5 129. Kh3
Kf4 130. Bf7 Ke5 131. Kg3 Kf6 132. Be8 Nd5 133. Kh3 Ne3 134. Kg3 Nf5+ 135. Kh3
Ne7 136. Kg3 Ke5 137. Bf7 Nf5+ 138. Kh3 Kf6 139. Be8 Ng7 140. Bb5 Ke5 141. Bc6
Kf4 142. Bb5 Ne6 143. Bc4 Ke5 144. Kg3 Nd4 145. Bf7 Kf6 146. Be8 Nf5+ 147. Kh3
Nd6 148. Bc6 Kf5 149. Kg3 Ne4+ 150. Kf3 Nf6 151. Kg3 Ne4+ 152. Kf3 Nc5 153. Kg3
Nd3 154. Bb5 Nf4 155. Bd7+ Ke5 156. Be8 Ne2+ 157. Kf3 Nd4+ 158. Kg3 Nf5+ 159.
Kh3 Kf6 160. Bb5 Nd4 161. Be8 Kf5 162. Kg3 Ne6 163. Bb5 Ke5 164. Be8 Nf4 165.
Bf7 Kf5 166. Bc4 Ke5 167. Bf7 Kf5 168. Bc4 Ne6 169. Bd3+ Kf6 170. Bc4 Nd4 171.
Kh3 Nf5 172. Bb5 Ke5 173. Be8 Ne7 174. Bf7 1/2-1/2

[Event "PRO League Group Stage"]
[Site "chess.com INT"]
[Date "2019.03.07"]
[Round "9"]
[White "Ducarmon, Quinten"]
[Black "Velten, Paul"]
[Result "1-0"]
[WhiteTitle "IM"]
[BlackTitle "GM"]
[WhiteElo "2479"]
[BlackElo "2496"]
[WhiteTeam "Amsterdam Mosquitoes"]
[BlackTeam "Cannes Blitzstreams"]
[WhiteFideId "1025007"]
[BlackFideId "681091"]
[EventDate "2019.01.08"]

1. e4 e6 2. d4 d5 3. Nd2 Nf6 4. e5 Nfd7 5. Bd3 c5 6. c3 Nc6 7. Ngf3 Be7 8. O-O
h5 9. dxc5 Ndxe5 10. Nxe5 Nxe5 11. Nb3 Nxd3 12. Qxd3 O-O 13. f4 b6 14. c6 Qc7
15. Nd4 Bf6 16. Be3 a5 17. b4 Bxd4 18. Bxd4 Qxc6 19. b5 Qe8 20. Bxb6 f6 21. a4
Qf7 22. Rae1 Bd7 23. Bd4 Rfc8 24. Rb1 Rc4 25. b6 Bxa4 26. Qe2 Bc6 27. Rf3 Re8
28. Rh3 e5 29. fxe5 fxe5 30. Re3 Qg6 31. Rf1 Qg4 32. Qf2 Qd7 33. Rxe5 Rxe5 34.
Qf8+ Kh7 35. Bxe5 Qg4 36. h3 Qg5 37. Rf5 Qh6 38. Rxh5 1-0